Central Library OPAC University of Rajshahi

Man's measure : (Record no. 21857)

MARC details
000 -LEADER
fixed length control field 00823cam a2200265 4500
001 - CONTROL NUMBER
control field 21857
003 - CONTROL NUMBER IDENTIFIER
rucl marc code (BD-RjUL
005 - DATE AND TIME OF LATEST TRANSACTION
control field 20211209000734.0
008 - FIXED-LENGTH DATA ELEMENTS--GENERAL INFORMATION
fixed length control field 731010s1974 nyu b s000 0 eng
020 ## - INTERNATIONAL STANDARD BOOK NUMBER
International Standard Book Number 0873952545
-- 0873952553 (microfiche)
035 ## - SYSTEM CONTROL NUMBER
System control number (BD-RjUL)21922
040 ## - CATALOGING SOURCE
Original cataloging agency DLC
Transcribing agency DLC
Modifying agency BD-RjUL
Language of cataloging eng
041 ## - LANGUAGE CODE
Language code of text/sound track or separate title eng
082 00 - DEWEY DECIMAL CLASSIFICATION NUMBER
Classification number 880.935
Author mark and year VEM 1974
100 1# - MAIN ENTRY--PERSONAL NAME
Personal name Versenyi, Laszlo.
Fuller form of name Laszlo Versenyi.
9 (RLIN) 67485
245 10 - TITLE STATEMENT
Title Man's measure :
Remainder of title a study of the Greek image of man from Homer to Sophocles /
250 ## - EDITION STATEMENT
Edition statement 1st ed.
260 ## - PUBLICATION, DISTRIBUTION, ETC. (IMPRINT)
Place of publication, distribution, etc. Albany,
Name of publisher, distributor, etc. State University of New York Press,
Date of publication, distribution, etc. 1974.
300 ## - PHYSICAL DESCRIPTION
Pagination xiii, 274 p. :
Size 22 cm.
504 ## - BIBLIOGRAPHY, ETC. NOTE
Bibliography, etc Bibliography: p. 270-274.
650 #0 - SUBJECT ADDED ENTRY--TOPICAL TERM
Topical term or geographic name as entry element Greek literature
General subdivision History and criticism.
9 (RLIN) 67459
942 ## - ADDED ENTRY ELEMENTS (KOHA)
Source of classification or shelving scheme Dewey Decimal Classification
Koha item type Books
Holdings
Lost status Source of classification or shelving scheme Damaged status Not for loan Collection code Permanent Location Current Location Shelving location Date acquired Source of acquisition Cost, normal purchase price Total Checkouts Full call number Date last seen Copy number Koha item type
  Dewey Decimal Classification   Added to bundle Non-fiction Central Library, University of Rajshahi Central Library, University of Rajshahi Reading Room 15/06/1982 Heffer 17.55   880.935 VEM 1974 05/03/2014 C-1 Books